000 01074nam a2200301 a 4500
001 000025565
005 20250612105738.0
008 110216s1964 sp r 000 | spa d
040 _aDO-SdBNP
_bspa
_cBNPHU
041 _aspa
_heng
_2Código de idioma MARC
082 _a923.143
_bH675B, 1964
100 1 _aBullock, Alan ,
_952239
240 0 _aHitler: a study in tyranny.
_lEspañol
245 1 0 _aHitler :
_bestudio de una tirania /
_cAlan Bullock ; version al español por Emma Ladd de Saro ... [et al.].
250 _a3a ed. corr. y aum.
260 _aBarcelona :
_bGandesa,
_c1964.
300 _a2 v. :
_bil. ;
_c22 cm.
500 _aLa biblioteca posee el tomo 1
534 _aTítulo original :
_tHitler: a study in tyranny.
600 4 _aHITLER, ADOLFO,
_d1889-1945
_952240
650 4 _aEstadístas alemanes
_xBiografías
_952241
650 0 _a Guerra Mundial, 1939-1945
_913822
700 1 _aLadd de Saro, Emma,
_952242
700 1 _aLuelmo , Julio,
_952243
700 1 _aLázaro Ros, Amando,
_952244
700 1 _aVergara , Andrés ,
_952245
049 _aBNGR
999 _c25057
_d25057